Синология и японоведение в России и Франции: история и перспективы (Запись № 11099685)

Подробности
000 -МАРКЕР
контрольное поле 02648nam0a2200421 i 4500
001 - ИДЕНТИФИКАТОР ЗАПИСИ
контрольное поле RU\NLR\BIBL_A\011324609
005 - ИДЕНТИФИКАТОР ВЕРСИИ
контрольное поле 20260408161235.0
010 ## - МЕЖДУНАРОДНЫЙ СТАНДАРТНЫЙ НОМЕР КНИГИ (ISBN)
Номер (ISBN) 9785000800362
Тираж 500
021 ## - НОМЕР ГОСУДАРСТВЕННОЙ РЕГИСТРАЦИИ
Код страны российская федерация
Номер 2017-2019
Номер Листа государственной регистраци 144
035 ## - ДРУГИЕ СИСТЕМНЫЕ НОМЕРА
Идентификатор записи (NLR Aleph) 011324609
100 ## - ДАННЫЕ ОБЩЕЙ ОБРАБОТКИ
Данные общей обработки 20170210d2015 k y0rusy50 ca
101 0# - ЯЗЫК РЕСУРСА
Язык текста, звукозаписи и т.д. русский
Язык резюме французский
Язык оглавления французский
-- русский
102 ## - СТРАНА ПУБЛИКАЦИИ ИЛИ ПРОИЗВОДСТВА
Страна публикации российская федерация
105 ## - ПОЛЕ КОДИРОВАННЫХ ДАННЫХ: ТЕКСТОВЫЕ МАТЕРИАЛЫ, МОНОГРАФИЧЕСКИЕ
Кодированные данные о монографическом текстовом документе ach|z|||100yy
200 1# - ЗАГЛАВИЕ И СВЕДЕНИЯ ОБ ОТВЕТСТВЕННОСТИ
Основное заглавие Синология и японоведение в России и Франции: история и перспективы
Параллельное заглавие Sinologie et japonologie en Russie et en France: histoire et perspectives
Сведения, относящиеся к заглавию сборник статей по материалам международного симпозиума, Москва, 15-16 апреля 2013 г.
Первые сведения об ответственности [сост.: А.Г. Юркевич]
Последующие сведения об ответственности под ред. А.А. Маслова]
Язык параллельного заглавия французский
210 ## - ПУБЛИКАЦИЯ, РАСПРОСТРАНЕНИЕ И ДР.
Место издания, распространения и т.д. Москва
Имя издателя, распространителя и т. д. Вариант
Дата издания, распространения и т.д. 2015
215 ## - ФИЗИЧЕСКАЯ ХАРАКТЕРИСТИКА
Специфическое обозначение материала и объем 242 с.
Другие сведения о физической характеристике ил., портр., факс.
Размеры 20
300 ## - ОБЩИЕ ПРИМЕЧАНИЯ
Текст примечания В надзаг.: Нац. исслед. ун-т "Высш. шк. экономики", Фак. мировой экономики и мировой политики, Шк. востоковедения
300 ## - ОБЩИЕ ПРИМЕЧАНИЯ
Текст примечания Рез. на фр. яз.
320 ## - ПРИМЕЧАНИЯ О НАЛИЧИИ В ДОКУМЕНТЕ БИБЛИОГРАФИИ / УКАЗАТЕЛЯ
Текст примечания Библиогр. в подстроч. примеч.
510 1# - ПАРАЛЛЕЛЬНОЕ ЗАГЛАВИЕ
Параллельное заглавие Sinologie et japonologie en Russie et en France: histoire et perspectives
Язык заглавия французский
606 ## - НАИМЕНОВАНИЕ ТЕМЫ КАК ПРЕДМЕТ
Наименование темы Востоковедение
Формальный подзаголовок Съезды, совещания и т.п
Географический подзаголовок Франция
Системный номер авторитетной/нормативной записи 1302012
Идентификатор авторитетной/нормативной записи RU\NLR\AUTH\66222019
606 ## - НАИМЕНОВАНИЕ ТЕМЫ КАК ПРЕДМЕТ
Наименование темы Востоковедение
Формальный подзаголовок Съезды, совещания и т.п
Географический подзаголовок Россия
Системный номер авторитетной/нормативной записи 2135169
Идентификатор авторитетной/нормативной записи RU\NLR\AUTH\661287602
606 ## - НАИМЕНОВАНИЕ ТЕМЫ КАК ПРЕДМЕТ
Наименование темы Японоведение
Формальный подзаголовок Съезды, совещания и т.п
Идентификатор авторитетной/нормативной записи RU\NLR\AUTH\66267188
Системный номер авторитетной/нормативной записи 1383274
606 ## - НАИМЕНОВАНИЕ ТЕМЫ КАК ПРЕДМЕТ
Наименование темы Синология
Формальный подзаголовок Съезды, совещания и т.п
Идентификатор авторитетной/нормативной записи RU\NLR\AUTH\66267232
Системный номер авторитетной/нормативной записи 1383350
686 1# - ИНДЕКСЫ ДРУГИХ КЛАССИФИКАЦИЙ
Индекс Т1(4Фр)0-1(5)я431
686 1# - ИНДЕКСЫ ДРУГИХ КЛАССИФИКАЦИЙ
Индекс Т1(2)0-1(5)я431
686 1# - ИНДЕКСЫ ДРУГИХ КЛАССИФИКАЦИЙ
Индекс Т3(5Кит)г
686 1# - ИНДЕКСЫ ДРУГИХ КЛАССИФИКАЦИЙ
Индекс Т3(5Я)г
702 #1 - ИМЯ ЛИЦА - ВТОРИЧНАЯ ОТВЕТСТВЕННОСТЬ
Начальный элемент ввода Юркевич
Часть имени, кроме начального элемента ввода А. Г.
Расширение инициалов личного имени Александр Геннадьевич
Код отношения Составитель
702 #1 - ИМЯ ЛИЦА - ВТОРИЧНАЯ ОТВЕТСТВЕННОСТЬ
Код отношения Редактор
Материалы, к которым относится поле rus
Графика поля Кириллица
Начальный элемент ввода Маслов
Часть имени, кроме начального элемента ввода А.А.
Даты 1964-
Дополнения к именам, кроме дат историк
Расширение инициалов личного имени Алексей Александрович
Идентификатор авторитетной/нормативной записи RU\NLR\AUTH\7725180
Системный номер авторитетной/нормативной записи 8229
712 02 - НАИМЕНОВАНИЕ ОРГАНИЗАЦИИ - ВТОРИЧНАЯ ОТВЕТСТВЕННОСТЬ
Код отношения Прочие
Начальный элемент ввода "Высшая школа экономики", национальный исследовательский университет
Идентифицирующий признак Москва
Структурное подразделение Школа востоковедения
Идентификатор авторитетной/нормативной записи RU\NLR\AUTH\880396539
Системный номер авторитетной/нормативной записи 459672
942 ## - ДОПОЛНИТЕЛЬНЫЕ ЭЛЕМЕНТЫ ЗАПИСИ (АБИС)
Тип экземпляра АБИС Книга
980 ## - КОЛЛЕКЦИЯ
Название коллекции НБР

Нет доступных экземпляров.